[Event "NDVM 2025 U16"]
[Site "Binz"]
[Date "2025.09.06"]
[Round "4.1"]
[White "Zobel, Christian"]
[Black "Direk, Oguzhan"]
[Result "0-1"]
[EventDate "2025.09.05"]
[Time "14:30:00"]
[Board "1"]
[WhiteElo "2212"]
[BlackElo "2013"]
[WhiteNrv "2177"]
[BlackNrv "1925"]
[WhiteTwz "2177"]
[BlackTwz "1925"]
[WhiteTitle "CM"]
[BlackTitle ""]
[WhiteFideId "16259068"]
[BlackFideId "16294343"]
[WhiteNatFedId "10660429"]
[BlackNatFedId "10749313"]
[WhiteAttr "M"]
[BlackAttr "M"]
[WhiteTeam "SC Borussia Lichtenberg"]
[BlackTeam "Hagener SV"]
[PlyCount "0"]
[Annotator "Rnd./Pair./Board: 04.001.01"]

1. d4 d5 2. c4 e6 3. Nc3 c6 4. Nf3 dxc4 5. a4 Bb4 6. e3 b5 7. Bd2 a5 8. axb5 Bxc3 9. Bxc3 cxb5 10. b3 Bb7 11. bxc4 b4 12. Bb2 Nf6 13. Bd3 O-O 14. O-O Nbd7 15. Re1 Re8 16. e4 e5 17. dxe5 Ng4 18. Bc2 Ngxe5 19. Nxe5 Nxe5 20. Qe2 Qc7 21. Bb3 Bc6 22. Qc2 Ng4 23. g3 Ne5 24. Bxe5 Qxe5 25. Ba4 Rec8 26. Bxc6 Rxc6 27. Ra4 Qc5 28. Rea1 h6 29. Kg2 Qxc4 30. Qxc4 Rxc4 31. Rxa5 Rxa5 32. Rxa5 Rxe4 33. Kf3 Rc4 34. Rb5 Kh7 35. Ke3 Kg6 36. h4 h5 37. Kd3 Rc3+ 38. Kd2 Rb3 39. Kc2 Rf3 40. Rxb4 Rxf2+ 41. Kd1 Rf3 42. g4 Rh3 43. g5 Rg3 44. Ke2 Rg4 45. Rb6+ Kh7 46. Rb7 Rxh4 47. Rxf7 Rg4 0-1

[Event "NDVM 2025 U16"]
[Site "Binz"]
[Date "2025.09.06"]
[Round "4.2"]
[White "Möller, Tom"]
[Black "Pimenov, Danil"]
[Result "1-0"]
[EventDate "2025.09.05"]
[Time "14:30:00"]
[Board "2"]
[WhiteElo "1919"]
[BlackElo "1966"]
[WhiteNrv "1920"]
[BlackNrv "1939"]
[WhiteTwz "1920"]
[BlackTwz "1939"]
[WhiteTitle ""]
[BlackTitle ""]
[WhiteFideId "16287215"]
[BlackFideId "34600248"]
[WhiteNatFedId "10713995"]
[BlackNatFedId "10705507"]
[WhiteAttr "M"]
[BlackAttr "M"]
[WhiteTeam "Hagener SV"]
[BlackTeam "SC Borussia Lichtenberg"]
[PlyCount "0"]
[Annotator "Rnd./Pair./Board: 04.001.02"]

1. d4 Nf6 2. Nc3 c5 3. d5 d6 4. e4 g6 5. Be3 Bg7 6. Nf3 O-O 7. Be2 b5 8. Bxb5 Nxe4 9. Nxe4 Qa5+ 10. Nc3 Bxc3+ 11. bxc3 Qxb5 12. Nd2 e6 13. Rb1 Qa6 14. Ne4 Bb7 15. Bh6 Rc8 16. Rxb7 Qxb7 17. Nxd6 Qc7 18. Nxc8 Qxc8 19. O-O e5 20. Re1 Qf5 21. Qd3 Nd7 22. c4 Rb8 23. f3 Rb2 24. Rc1 Qxd3 25. cxd3 Rxa2 26. Rb1 Nb6 27. Rb5 Ra3 28. Rxc5 Rxd3 29. Rc7 f5 30. Rxa7 Nxc4 31. Rg7+ Kf8 32. Rc7+ Ke8 33. Rxc4 Rxd5 34. Rc7 e4 35. Rxh7 exf3 36. gxf3 Rd6 37. Kg2 Ra6 38. Rg7 Ra2+ 39. Kg3 Ra6 40. h4 Rb6 41. Kf4 Rb4+ 42. Kg5 Rb3 43. f4 Rg3+ 44. Kf6 Rg4 45. Bg5 Kf8 46. Rd7 Ke8 47. Ke6 Rxh4 48. Rd8# 1-0

[Event "NDVM 2025 U16"]
[Site "Binz"]
[Date "2025.09.06"]
[Round "4.3"]
[White "Svanidze, Alexander"]
[Black "Schöne, Finn"]
[Result "0-1"]
[EventDate "2025.09.05"]
[Time "14:30:00"]
[Board "3"]
[WhiteElo "1815"]
[BlackElo "1914"]
[WhiteNrv "1807"]
[BlackNrv "1870"]
[WhiteTwz "1807"]
[BlackTwz "1870"]
[WhiteTitle ""]
[BlackTitle ""]
[WhiteFideId "34623469"]
[BlackFideId "34623493"]
[WhiteNatFedId "10768095"]
[BlackNatFedId "10781329"]
[WhiteAttr "M"]
[BlackAttr "M"]
[WhiteTeam "SC Borussia Lichtenberg"]
[BlackTeam "Hagener SV"]
[PlyCount "0"]
[Annotator "Rnd./Pair./Board: 04.001.03"]

1. e4 c5 2. Nf3 e6 3. d4 cxd4 4. Nxd4 Nc6 5. Nxc6 bxc6 6. Nc3 d5 7. Bd3 Nf6 8. O-O Be7 9. Re1 O-O 10. Qf3 d4 11. Ne2 e5 12. h3 Be6 13. Ng3 c5 14. Qe2 Qc7 15. b3 Rfb8 16. Bd2 a5 17. a4 Nd7 18. Bc4 Bxc4 19. Qxc4 Nb6 20. Qe2 c4 21. Nf5 Bf8 22. Qg4 Kh8 23. Qg3 Nd7 24. Nxd4 Qd6 25. Nf3 cxb3 26. cxb3 Rxb3 27. Red1 Rd3 28. Rf1 f6 29. Be3 Rc8 30. Qg4 Rcc3 31. Ne1 Rxe3 32. Rd1 Rxe4 33. Rxd6 Rxg4 34. Rxd7 Rxa4 35. Nf3 Rac4 36. Kh2 Rc1 37. Rxc1 Rxc1 38. Ra7 Re1 39. Nd2 a4 40. Nc4 h6 41. Nb2 a3 42. Nc4 Kh7 43. Ra4 Bc5 44. Kg3 Rb1 45. Na5 Rb6 46. f3 Ra6 47. Kh2 Bb6 0-1

[Event "NDVM 2025 U16"]
[Site "Binz"]
[Date "2025.09.06"]
[Round "4.4"]
[White "Fels, Mattis"]
[Black "Belka, David"]
[Result "0-1"]
[EventDate "2025.09.05"]
[Time "14:30:00"]
[Board "4"]
[WhiteElo "1832"]
[BlackElo "1831"]
[WhiteNrv "1745"]
[BlackNrv "1684"]
[WhiteTwz "1745"]
[BlackTwz "1684"]
[WhiteTitle ""]
[BlackTitle ""]
[WhiteFideId "34623795"]
[BlackFideId "533023239"]
[WhiteNatFedId "10777493"]
[BlackNatFedId "10868145"]
[WhiteAttr "M"]
[BlackAttr "M"]
[WhiteTeam "Hagener SV"]
[BlackTeam "SC Borussia Lichtenberg"]
[PlyCount "0"]
[Annotator "Rnd./Pair./Board: 04.001.04"]

1. d4 Nf6 2. Nc3 e6 3. Bf4 Bb4 4. Qd3 O-O 5. O-O-O c5 6. dxc5 Bxc5 7. e4 Nc6 8. Be2 e5 9. Bg3 d6 10. f4 Be6 11. Nf3 Qa5 12. Qb5 Qxb5 13. Bxb5 Be3+ 14. Kb1 Bd4 15. fxe5 dxe5 16. Bxc6 Bxc3 17. Bb5 Nxe4 18. Bd3 Nf6 19. Nxe5 Bxe5 20. Bxe5 Nd5 21. Rd2 Nb4 22. Bd6 a5 23. Bxf8 Kxf8 24. a3 Nc6 25. Rhd1 g6 26. Be4 Rc8 27. Rd6 Kg7 28. Bxc6 bxc6 29. Rd8 Rc7 30. Ra8 Bd5 31. g3 Re7 32. Rxa5 Re2 33. Raxd5 cxd5 34. h3 Re5 35. a4 Kf6 36. a5 Ke6 37. Rd4 Kd6 38. b4 Kc6 39. Kb2 Kb5 40. Kb3 h5 41. Rd3 f5 42. Rc3 d4 43. Rc5+ Rxc5 44. bxc5 h4 45. gxh4 f4 46. c4+ Kxa5 47. c6 Kb6 48. c5+ Kxc6 49. Kc4 f3 50. Kd3 Kxc5 51. h5 gxh5 52. h4 Kd5 53. Kd2 Ke4 54. Kd1 d3 55. Ke1 Ke3 56. Kf1 d2 57. Kg1 d1=Q+ 58. Kh2 Qe1 0-1

[Event "NDVM 2025 U16"]
[Site "Binz"]
[Date "2025.09.06"]
[Round "4.1"]
[White "Lu, Yunong Elias"]
[Black "Bräutigam, Alexander"]
[Result "1/2-1/2"]
[EventDate "2025.09.05"]
[Time "14:30:00"]
[Board "1"]
[WhiteElo "2106"]
[BlackElo "2166"]
[WhiteNrv "2073"]
[BlackNrv "2155"]
[WhiteTwz "2073"]
[BlackTwz "2155"]
[WhiteTitle ""]
[BlackTitle ""]
[WhiteFideId "16276426"]
[BlackFideId "16245210"]
[WhiteNatFedId "10711099"]
[BlackNatFedId "10624201"]
[WhiteAttr "M"]
[BlackAttr "M"]
[WhiteTeam "Hamburger SK von 1830 eV"]
[BlackTeam "SK Doppelbauer Kiel von 1910"]
[PlyCount "0"]
[Annotator "Rnd./Pair./Board: 04.002.01"]

1. b4 d5 2. Bb2 e6 3. Nf3 Nf6 4. a3 Be7 5. e3 b6 6. Be2 O-O 7. O-O c5 8. bxc5 bxc5 9. c4 Nc6 10. Ne5 Bb7 1/2-1/2

[Event "NDVM 2025 U16"]
[Site "Binz"]
[Date "2025.09.06"]
[Round "4.2"]
[White "Farokhi, Darian"]
[Black "Haertel, Leon"]
[Result "1/2-1/2"]
[EventDate "2025.09.05"]
[Time "14:30:00"]
[Board "2"]
[WhiteElo "1851"]
[BlackElo "1900"]
[WhiteNrv "1831"]
[BlackNrv "1892"]
[WhiteTwz "1831"]
[BlackTwz "1892"]
[WhiteTitle ""]
[BlackTitle ""]
[WhiteFideId "16253108"]
[BlackFideId "34623736"]
[WhiteNatFedId "10642131"]
[BlackNatFedId "10719991"]
[WhiteAttr "M"]
[BlackAttr "M"]
[WhiteTeam "SK Doppelbauer Kiel von 1910"]
[BlackTeam "Hamburger SK von 1830 eV"]
[PlyCount "0"]
[Annotator "Rnd./Pair./Board: 04.002.02"]

1. e4 c5 2. Nf3 Nc6 3. c3 d5 4. exd5 Qxd5 5. d4 Bf5 6. Be3 cxd4 7. Nxd4 Nf6 8. Nxf5 Qxf5 9. Bd3 Qd5 10. O-O O-O-O 11. Be2 Qxd1 12. Rxd1 Rxd1+ 13. Bxd1 Nd5 14. Nd2 Nxe3 15. fxe3 e5 16. e4 Bc5+ 17. Kf1 Rd8 18. Nb3 Bb6 19. Bg4+ Kc7 20. Rd1 Rxd1+ 21. Bxd1 Ne7 22. g4 Ng6 23. Nd2 Nf4 24. Bc2 f6 1/2-1/2

[Event "NDVM 2025 U16"]
[Site "Binz"]
[Date "2025.09.06"]
[Round "4.3"]
[White "Kellner, Anton"]
[Black "Charchulla, Moritz"]
[Result "1-0"]
[EventDate "2025.09.05"]
[Time "14:30:00"]
[Board "3"]
[WhiteElo "1869"]
[BlackElo "1770"]
[WhiteNrv "1813"]
[BlackNrv "1702"]
[WhiteTwz "1813"]
[BlackTwz "1702"]
[WhiteTitle ""]
[BlackTitle ""]
[WhiteFideId "16293185"]
[BlackFideId "34607579"]
[WhiteNatFedId "10677811"]
[BlackNatFedId "10737333"]
[WhiteAttr "M"]
[BlackAttr "M"]
[WhiteTeam "Hamburger SK von 1830 eV"]
[BlackTeam "SK Doppelbauer Kiel von 1910"]
[PlyCount "0"]
[Annotator "Rnd./Pair./Board: 04.002.03"]

1. d4 d5 2. c4 e6 3. Nc3 Nf6 4. cxd5 exd5 5. Bg5 Be6 6. e3 c6 7. Bd3 Nbd7 8. Nge2 Bd6 9. h3 h6 10. Bf4 Nb6 11. Qc2 Bxf4 12. Nxf4 Bd7 13. O-O O-O 14. Rae1 Re8 15. b3 Qc7 16. f3 Rac8 17. b4 Nc4 18. Bxc4 dxc4 19. Qd2 b5 20. e4 a5 21. a3 axb4 22. axb4 Qb7 23. e5 Nd5 24. Ne4 c3 25. Nxc3 Nxc3 26. Qxc3 Be6 27. Nxe6 fxe6 28. f4 Qb6 29. f5 exf5 30. Rxf5 Rcd8 31. Re4 Rf8 32. Qb3+ Rd5 33. Rxf8+ Kxf8 34. e6 1-0

[Event "NDVM 2025 U16"]
[Site "Binz"]
[Date "2025.09.06"]
[Round "4.4"]
[White "Johannsen, Bjarne"]
[Black "Gretzinger, Maximilian"]
[Result "0-1"]
[EventDate "2025.09.05"]
[Time "14:30:00"]
[Board "4"]
[WhiteElo "1647"]
[BlackElo "1752"]
[WhiteNrv "1403"]
[BlackNrv "1683"]
[WhiteTwz "1403"]
[BlackTwz "1683"]
[WhiteTitle ""]
[BlackTitle ""]
[WhiteFideId "34671633"]
[BlackFideId "34694960"]
[WhiteNatFedId "10767815"]
[BlackNatFedId "10840697"]
[WhiteAttr "M"]
[BlackAttr "M"]
[WhiteTeam "SK Doppelbauer Kiel von 1910"]
[BlackTeam "Hamburger SK von 1830 eV"]
[PlyCount "0"]
[Annotator "Rnd./Pair./Board: 04.002.04"]

1. e4 e5 2. Nf3 Nc6 3. d4 exd4 4. Bc4 Bb4+ 5. c3 dxc3 6. O-O Nge7 7. bxc3 Ba5 8. Ng5 Ne5 9. Qd5 Nxd5 10. Bxd5 O-O 11. f4 Bb6+ 12. Kh1 Nd3 13. Ba3 d6 14. Nd2 Nf2+ 15. Rxf2 Bxf2 16. Nf1 Bc5 0-1

[Event "NDVM 2025 U16"]
[Site "Binz"]
[Date "2025.09.06"]
[Round "4.1"]
[White "Schäfer, Benjamin"]
[Black "Peilert, Maximilian"]
[Result "1-0"]
[EventDate "2025.09.05"]
[Time "14:30:00"]
[Board "1"]
[WhiteElo "1967"]
[BlackElo "1784"]
[WhiteNrv "1895"]
[BlackNrv "1868"]
[WhiteTwz "1895"]
[BlackTwz "1868"]
[WhiteTitle ""]
[BlackTitle ""]
[WhiteFideId "34616390"]
[BlackFideId "34686312"]
[WhiteNatFedId "10725457"]
[BlackNatFedId "10653655"]
[WhiteAttr "M"]
[BlackAttr "M"]
[WhiteTeam "SV Königsjäger Süd-West e.V."]
[BlackTeam "Think Rochade - SC HRO"]
[PlyCount "0"]
[Annotator "Rnd./Pair./Board: 04.003.01"]

1. d4 Nf6 2. c4 c6 3. Nf3 d5 4. Nc3 dxc4 5. a4 Bf5 6. e3 e6 7. Bxc4 Bb4 8. Bd2 O-O 9. O-O c5 10. Qb3 Nbd7 11. h3 a5 12. d5 Nb6 13. dxe6 Nxc4 14. e7 Qxe7 15. Qxc4 Rfd8 16. Rfe1 Ne4 17. Nxe4 Qxe4 18. Qxe4 Bxe4 19. Bxb4 axb4 20. Rec1 Bxf3 21. gxf3 b6 22. a5 bxa5 23. Rxa5 Rxa5 24. Rxc5 Ra6 25. Rb5 Kf8 26. Kf1 Rc8 27. Ra5 Rc2 28. Rb5 Rxb2 29. f4 Ke7 30. Rb7+ Kf6 31. e4 g6 32. Kg2 b3 33. e5+ Ke6 34. Rb6+ Kd5 35. Rf6 Rb1 36. Rxf7 Kc6 37. Rf6+ Kc7 38. Rf7+ Kb6 39. Rf6+ Kc5 40. Rf8 b2 41. Rb8 Kd5 42. Kf3 Kc6 43. f5 Re1 44. Rxb2 Rxe5 45. fxg6 hxg6 46. Rd2 Rf5+ 47. Kg4 Kc7 48. f4 Rb5 49. h4 Rba5 50. Re2 Rd6 51. Re5 Raa6 52. h5 gxh5+ 53. Kxh5 Ra1 54. Re2 Rf1 55. Kg5 Rg1+ 56. Kf5 Rdd1 1-0

[Event "NDVM 2025 U16"]
[Site "Binz"]
[Date "2025.09.06"]
[Round "4.2"]
[White "Vakeel, Eshwar"]
[Black "Thümler, Floris"]
[Result "1/2-1/2"]
[EventDate "2025.09.05"]
[Time "14:30:00"]
[Board "2"]
[WhiteElo "1672"]
[BlackElo "1844"]
[WhiteNrv "1666"]
[BlackNrv "1747"]
[WhiteTwz "1666"]
[BlackTwz "1747"]
[WhiteTitle ""]
[BlackTitle ""]
[WhiteFideId "34626514"]
[BlackFideId "16296435"]
[WhiteNatFedId "10736037"]
[BlackNatFedId "10720115"]
[WhiteAttr "M"]
[BlackAttr "M"]
[WhiteTeam "Think Rochade - SC HRO"]
[BlackTeam "SV Königsjäger Süd-West e.V."]
[PlyCount "0"]
[Annotator "Rnd./Pair./Board: 04.003.02"]

1. d4 d5 2. c4 e6 3. Nc3 c6 4. Nf3 dxc4 5. a4 Bb4 6. e3 b5 7. Bd2 a5 8. axb5 Bxc3 9. Bxc3 cxb5 10. b3 Bb7 11. Bxc4 b4 12. Bb2 Nf6 13. Bd3 Nbd7 14. O-O O-O 15. Re1 Ne4 16. Qc2 f5 17. Nd2 Nxd2 18. Qxd2 Qe7 19. e4 fxe4 20. Bxe4 Bxe4 21. Rxe4 a4 22. Rae1 Ra6 23. d5 a3 24. Rxe6 Rxe6 25. Rxe6 axb2 26. Rxe7 b1=Q+ 27. Re1 Qxb3 28. Qe2 Ne5 29. d6 Qd3 30. Qxd3 Nxd3 31. Rd1 Nc5 32. Rd5 Rb8 33. Rxc5 Kf7 34. d7 Ra8 35. Kf1 Ke7 36. Rb5 Ra4 37. Ke2 Ra2+ 38. Ke3 Rb2 39. Kd3 Rxf2 40. g4 Rxh2 41. Rxb4 Rh1 42. Ke2 Rg1 1/2-1/2

[Event "NDVM 2025 U16"]
[Site "Binz"]
[Date "2025.09.06"]
[Round "4.3"]
[White "Weng, Hao"]
[Black "Tank, Julian"]
[Result "1/2-1/2"]
[EventDate "2025.09.05"]
[Time "14:30:00"]
[Board "3"]
[WhiteElo "1687"]
[BlackElo "1692"]
[WhiteNrv "1707"]
[BlackNrv "1696"]
[WhiteTwz "1707"]
[BlackTwz "1696"]
[WhiteTitle ""]
[BlackTitle ""]
[WhiteFideId "16268261"]
[BlackFideId "34686339"]
[WhiteNatFedId "10712317"]
[BlackNatFedId "10764561"]
[WhiteAttr "M"]
[BlackAttr "M"]
[WhiteTeam "SV Königsjäger Süd-West e.V."]
[BlackTeam "Think Rochade - SC HRO"]
[PlyCount "0"]
[Annotator "Rnd./Pair./Board: 04.003.03"]

1. e4 c6 2. d4 d5 3. e5 c5 4. c4 dxc4 5. d5 e6 6. d6 Nc6 7. f4 Nh6 8. Nf3 g6 9. Nc3 a6 10. Ne4 Bg7 11. Bxc4 O-O 12. O-O b5 13. Bb3 c4 14. Bc2 Nf5 15. Kh1 Qb6 16. b3 cxb3 17. Bxb3 Rd8 18. Neg5 Nxd6 19. Qe1 h6 20. Be3 Qb8 21. Nh3 Nf5 22. Bf2 Bb7 23. Nh4 Ncd4 24. Bxd4 Nxd4 25. Nf2 Nxb3 26. axb3 Bd5 27. b4 Qb7 28. Ng4 Rac8 29. Nf3 Rc4 30. Qh4 Rdc8 31. Nxh6+ Bxh6 32. Qxh6 Rxb4 33. h4 Rb3 34. Ne1 Qa7 35. Kh2 Qe3 36. Qg5 Qe2 37. Kg1 Bc4 38. Nf3 Qe3+ 39. Rf2 Rb2 40. Qg3 Bd3 41. Re1 Qb6 42. Ng5 Qxf2+ 43. Qxf2 Rxf2 44. Kxf2 Rc2+ 45. Ke3 Bc4 46. Ne4 Rxg2 47. Ra1 Rh2 48. Rxa6 Rxh4 49. Nf6+ Kg7 50. Ne8+ Kf8 51. Nf6 Rh8 52. Ne4 Rh3+ 53. Kf2 Bd5 54. Ng5 Rh2+ 55. Kg3 Ra2 56. Rb6 Ra5 57. Nh7+ 1/2-1/2

[Event "NDVM 2025 U16"]
[Site "Binz"]
[Date "2025.09.06"]
[Round "4.1"]
[White "Al Amin, Sami"]
[Black "Kuhlmann, Nils Magnus"]
[Result "0-1"]
[EventDate "2025.09.05"]
[Time "14:30:00"]
[Board "1"]
[WhiteElo "1861"]
[BlackElo "1841"]
[WhiteNrv "1781"]
[BlackNrv "1790"]
[WhiteTwz "1781"]
[BlackTwz "1790"]
[WhiteTitle ""]
[BlackTitle ""]
[WhiteFideId "34691910"]
[BlackFideId "16287177"]
[WhiteNatFedId "10833287"]
[BlackNatFedId "10827143"]
[WhiteAttr "M"]
[BlackAttr "M"]
[WhiteTeam "SchVgg Blankenese von 1923 e.V."]
[BlackTeam "USC Magdeburg"]
[PlyCount "0"]
[Annotator "Rnd./Pair./Board: 04.004.01"]

1. Nf3 d5 2. d4 Nf6 3. e3 c6 4. Bd3 Nbd7 5. O-O Qc7 6. c4 dxc4 7. Bxc4 b5 8. Bb3 Bb7 9. Qe2 e5 10. Ng5 Nd5 11. e4 h6 12. Nxf7 Kxf7 13. exd5 cxd5 14. Qxb5 Nb6 15. Nc3 Rd8 16. dxe5 Qxe5 17. Be3 Bd6 18. g3 Bc7 19. Bf4 Qe7 20. Rfe1 Qd7 21. Bxc7 Qxc7 22. Rad1 a6 23. Qd3 Rhf8 24. Re4 Kg8 25. Rd4 Qc5 26. Nxd5 Nxd5 27. Bxd5+ Bxd5 28. Rxd5 Qxf2+ 29. Kh1 Rde8 30. Qc4 Kh8 31. Rd6 Re2 32. Rxh6+ gxh6 33. Qc3+ Qf6 0-1

[Event "NDVM 2025 U16"]
[Site "Binz"]
[Date "2025.09.06"]
[Round "4.1"]
[White "Hellenbroich, Hanno"]
[Black "Wöll, Henry"]
[Result "1-0"]
[EventDate "2025.09.05"]
[Time "14:30:00"]
[Board "1"]
[WhiteElo "1873"]
[BlackElo "1770"]
[WhiteNrv "1897"]
[BlackNrv "1693"]
[WhiteTwz "1897"]
[BlackTwz "1693"]
[WhiteTitle ""]
[BlackTitle ""]
[WhiteFideId "16270762"]
[BlackFideId "533027161"]
[WhiteNatFedId "10664473"]
[BlackNatFedId "10881211"]
[WhiteAttr "M"]
[BlackAttr "M"]
[WhiteTeam "Lübecker SV von 1873"]
[BlackTeam "SK Weisse Dame Hamburg"]
[PlyCount "0"]
[Annotator "Rnd./Pair./Board: 04.005.01"]

1. e4 e5 2. Nf3 Nc6 3. Bc4 Bc5 4. c3 Nf6 5. d4 exd4 6. b4 Bb6 7. e5 d5 8. exf6 dxc4 9. Qe2+ Be6 10. b5 d3 11. Qe4 Nb4 12. O-O Nc2 13. fxg7 Rg8 14. Bg5 Qd5 15. Qxh7 Kd7 16. Bf6 Rae8 17. Ne5+ Kc8 18. Nd2 Nxa1 19. Rxa1 Qc5 20. Rf1 Bd5 21. h4 Qd6 22. Qf5+ Qe6 23. Qg5 Bc5 24. Ng4 Bf8 25. h5 Bxg7 26. Bxg7 Rxg7 27. Qxg7 f5 28. Nf6 Rd8 29. h6 Qf7 30. Qxf7 Bxf7 31. h7 Rh8 32. Re1 1-0

[Event "NDVM 2025 U16"]
[Site "Binz"]
[Date "2025.09.06"]
[Round "4.1"]
[White "Drechsler, Andor"]
[Black "Helms, Finn"]
[Result "0-1"]
[EventDate "2025.09.05"]
[Time "14:30:00"]
[Board "1"]
[WhiteElo "1747"]
[BlackElo "2106"]
[WhiteNrv "1860"]
[BlackNrv "2105"]
[WhiteTwz "1860"]
[BlackTwz "2105"]
[WhiteTitle ""]
[BlackTitle ""]
[WhiteFideId "16266900"]
[BlackFideId "16249143"]
[WhiteNatFedId "10685473"]
[BlackNatFedId "10635853"]
[WhiteAttr "M"]
[BlackAttr "M"]
[WhiteTeam "SAV Torgelow-Drögeheide 90"]
[BlackTeam "SAbt SV Werder Bremen"]
[PlyCount "0"]
[Annotator "Rnd./Pair./Board: 04.006.01"]

1. e4 c6 2. d4 d5 3. Nc3 dxe4 4. Nxe4 Nf6 5. Nxf6+ exf6 6. Bf4 Bd6 7. Bxd6 Qxd6 8. c3 O-O 9. Bd3 Nd7 10. Ne2 Re8 11. O-O Nf8 12. Ng3 Be6 13. Qc2 Qf4 14. Rfe1 g6 15. Ne4 Nd7 16. Qd2 Qc7 17. Qh6 Bd5 18. Re3 Re6 19. a3 Rae8 20. Rae1 b6 21. R1e2 c5 22. dxc5 bxc5 23. Rh3 f5 24. Qxh7+ Kf8 25. Ng5 Rxe2 26. Bxe2 Rxe2 27. Qh8+ Ke7 28. Re3+ Rxe3 29. fxe3 Qe5 0-1

[Event "NDVM 2025 U16"]
[Site "Binz"]
[Date "2025.09.06"]
[Round "4.2"]
[White "Jablonski, Ture"]
[Black "Briese, Paul"]
[Result "1/2-1/2"]
[EventDate "2025.09.05"]
[Time "14:30:00"]
[Board "2"]
[WhiteElo "1855"]
[BlackElo "1724"]
[WhiteNrv "1787"]
[BlackNrv "1704"]
[WhiteTwz "1787"]
[BlackTwz "1704"]
[WhiteTitle ""]
[BlackTitle ""]
[WhiteFideId "34640452"]
[BlackFideId "16273826"]
[WhiteNatFedId "10724973"]
[BlackNatFedId "10694861"]
[WhiteAttr "M"]
[BlackAttr "M"]
[WhiteTeam "SAbt SV Werder Bremen"]
[BlackTeam "SAV Torgelow-Drögeheide 90"]
[PlyCount "0"]
[Annotator "Rnd./Pair./Board: 04.006.02"]

1. d4 d5 2. Nf3 Nf6 3. c4 e6 4. g3 Be7 5. Bg2 O-O 6. O-O Nbd7 7. Qc2 c6 8. Nbd2 a6 9. c5 b6 10. b4 a5 11. bxa5 Rxa5 12. Nb3 Ra8 13. cxb6 Qxb6 14. Bd2 c5 15. Rfb1 c4 16. Nc5 Qc6 17. Nxd7 Nxd7 18. a4 Ba6 19. Bc3 Rfb8 20. Ne1 Nf6 21. Nf3 Nd7 22. Ne1 1/2-1/2

[Event "NDVM 2025 U16"]
[Site "Binz"]
[Date "2025.09.06"]
[Round "4.1"]
[White "Tulchynsky, Mark"]
[Black "Böhler, Yannic"]
[Result "0-1"]
[EventDate "2025.09.05"]
[Time "14:30:00"]
[Board "1"]
[WhiteElo "1830"]
[BlackElo "1848"]
[WhiteNrv "1841"]
[BlackNrv "1865"]
[WhiteTwz "1841"]
[BlackTwz "1865"]
[WhiteTitle ""]
[BlackTitle ""]
[WhiteFideId "34617698"]
[BlackFideId "34609059"]
[WhiteNatFedId "10678759"]
[BlackNatFedId "10763953"]
[WhiteAttr "M"]
[BlackAttr "M"]
[WhiteTeam "KSV Rochade Göttingen (Veltheim)"]
[BlackTeam "SC Schachelschweine e.V."]
[PlyCount "0"]
[Annotator "Rnd./Pair./Board: 04.007.01"]

1. e4 c5 2. Nf3 d6 3. Bb5+ Bd7 4. Bxd7+ Nxd7 5. c4 g6 6. O-O Ngf6 7. Nc3 Bg7 8. d4 cxd4 9. Nxd4 O-O 10. Be3 Rc8 11. Qe2 a6 12. Rfd1 Re8 13. Rac1 Qa5 14. f3 e6 15. Rc2 Qb4 16. b3 d5 17. exd5 exd5 18. Nxd5 Nxd5 19. cxd5 Bxd4 20. Rxd4 Rxc2 0-1

[Event "NDVM 2025 U16"]
[Site "Binz"]
[Date "2025.09.06"]
[Round "4.3"]
[White "Maraun, Lias"]
[Black "Redmer, Till"]
[Result "1/2-1/2"]
[EventDate "2025.09.05"]
[Time "14:30:00"]
[Board "3"]
[WhiteElo "1767"]
[BlackElo "1730"]
[WhiteNrv "1643"]
[BlackNrv "1478"]
[WhiteTwz "1643"]
[BlackTwz "1478"]
[WhiteTitle ""]
[BlackTitle ""]
[WhiteFideId "533017441"]
[BlackFideId "34686150"]
[WhiteNatFedId "10836849"]
[BlackNatFedId "10732403"]
[WhiteAttr "M"]
[BlackAttr "M"]
[WhiteTeam "KSV Rochade Göttingen (Veltheim)"]
[BlackTeam "SC Schachelschweine e.V."]
[PlyCount "0"]
[Annotator "Rnd./Pair./Board: 04.007.03"]

1. e4 c5 2. Nf3 Nc6 3. Bb5 g6 4. O-O Bg7 5. Re1 e6 6. c3 Nge7 7. d4 cxd4 8. cxd4 a6 9. Ba4 O-O 10. Nc3 d5 11. exd5 Nxd5 12. Bxc6 bxc6 13. Be3 Rb8 14. Qd2 a5 15. Rac1 Ba6 16. Na4 Bb5 17. Nc5 a4 18. a3 Re8 19. b3 Ra8 20. Qc2 Nxe3 21. fxe3 axb3 22. Qxb3 Qa5 23. a4 Bxa4 24. Qxa4 Qxa4 25. Nxa4 Rxa4 26. Rxc6 Ra2 27. Kf1 Rb8 28. Re2 Rbb2 29. Rxb2 Rxb2 30. Rc7 Bf6 31. Ne1 Bg5 32. Rc2 Rb3 33. e4 1/2-1/2

[Event "NDVM 2025 U16"]
[Site "Binz"]
[Date "2025.09.07"]
[Round "5.1"]
[White "Direk, Oguzhan"]
[Black "Kuhlmann, Nils Magnus"]
[Result "1-0"]
[EventDate "2025.09.05"]
[Time "08:30:00"]
[Board "1"]
[WhiteElo "2013"]
[BlackElo "1841"]
[WhiteNrv "1925"]
[BlackNrv "1790"]
[WhiteTwz "1925"]
[BlackTwz "1790"]
[WhiteTitle "-"]
[BlackTitle "-"]
[WhiteFideId "16294343"]
[BlackFideId "16287177"]
[WhiteNatFedId "10749313"]
[BlackNatFedId "10827143"]
[WhiteAttr "M"]
[BlackAttr "M"]
[WhiteTeam "Hagener SV"]
[BlackTeam "USC Magdeburg"]
[PlyCount "0"]
[Annotator "Rnd./Pair./Board: 05.001.01"]

1. d4 d5 2. Nc3 Nf6 3. Bf4 g6 4. h3 c6 5. e3 Bg7 6. Nf3 a5 7. Be2 b5 8. O-O Nbd7 9. Ne5 Qb6 10. Re1 O-O 11. Bf1 a4 12. a3 Nh5 13. Nxd7 Bxd7 14. Bg5 e5 15. dxe5 Bxe5 16. Qd2 Be6 17. e4 d4 18. Ne2 f6 19. Bh6 Rfd8 20. Nf4 Nxf4 21. Bxf4 Qc7 22. Bxe5 Qxe5 23. Rad1 Kg7 24. f4 Qc5 25. Qf2 Qb6 26. Kh1 c5 27. f5 Bc4 28. e5 Bxf1 29. Qxf1 Rd5 30. fxg6 fxe5 31. Qf7+ 1-0

[Event "NDVM 2025 U16"]
[Site "Binz"]
[Date "2025.09.07"]
[Round "5.2"]
[White "Pham, Jacky"]
[Black "Möller, Tom"]
[Result "0-1"]
[EventDate "2025.09.05"]
[Time "08:30:00"]
[Board "2"]
[WhiteElo "1647"]
[BlackElo "1919"]
[WhiteNrv "1680"]
[BlackNrv "1920"]
[WhiteTwz "1680"]
[BlackTwz "1920"]
[WhiteTitle "-"]
[BlackTitle "-"]
[WhiteFideId "34611606"]
[BlackFideId "16287215"]
[WhiteNatFedId "10766089"]
[BlackNatFedId "10713995"]
[WhiteAttr "M"]
[BlackAttr "M"]
[WhiteTeam "USC Magdeburg"]
[BlackTeam "Hagener SV"]
[PlyCount "0"]
[Annotator "Rnd./Pair./Board: 05.001.02"]

1. e4 c5 2. c3 d5 3. exd5 Qxd5 4. Nf3 Nc6 5. a4 e5 6. Na3 Bg4 7. Bc4 Qd7 8. h3 Be6 9. Bb5 Bd6 10. d4 exd4 11. cxd4 cxd4 12. Qxd4 Nf6 13. Bg5 O-O 14. Bxc6 bxc6 15. Bxf6 gxf6 16. Qh4 Bxa3 17. Ne5 Bb4+ 18. Kf1 Qd6 19. Qxf6 0-1